000 01090nam a2200265Ia 4500
003 OSt
005 20220923220919.0
006 a|||||r|||| 00| 0
007 ta
008 220922b |||||||| |||| 00| 0 hin d
024 _a192,150
037 _cTextual
040 _aARTS
_cARTS
_bhin
041 _2hin
_ahin
082 _aO152,3:gN7, K6;P2
100 _aजैन, नेमिचन्द्र
245 0 _aअधुरे साक्षात्कार
_b स्वतन्त्रता के बाद के प्रमुख उपन्यासो का सर्वागीण विवेचन
246 _aAdhure sākṣhātkāra: svatantratā ke bād ke pramukh upanyāso kā sarvāgīṇ vivechana
250 _aसंस्क0 3
260 _aनई दिल्ली
_b वाणी प्रकाशन
_c2002
300 _a187पृ.
_ccm.
650 _aहिन्दी साहित्य
_9156264
942 _hO152,3:gN7, K6;P2
_cTEXL
_2CC
999 _c344788
_d344788